| 000 | 01290nam0a2200301 i 4500 | ||
|---|---|---|---|
| 001 | RU\NLR\bibl\1931023 | ||
| 005 | 20241103120357.0 | ||
| 010 |
_a9785699584086 _93000 |
||
| 021 |
_aRU _b2012-52350 _93818 |
||
| 035 | _a(NLR Aleph) 001920377 | ||
| 090 |
_a3298002 _c3298002 |
||
| 100 | _a20120802d2012 u y0rusy50 ca | ||
| 101 | 0 | _arus | |
| 102 | _aRU | ||
| 105 | _aa ||||||||| | ||
| 200 | 1 |
_aПишем без ошибок _e3 класс _e[доводим навык грамотного письма до автоматизма. Развиваем орфографическую зоркость _eдля младшего школьного возраста] _fДорофеева Г.В. |
|
| 205 | _a2-е изд., испр. и доп. | ||
| 210 |
_aМосква _cЭксмо _d2012 |
||
| 215 |
_a61, [2] c. _cил. _d25 |
||
| 225 | 1 | _aВ помощь младшему школьнику | |
| 606 |
_aРусский язык _jУчебные издания для начальной школы _91533567 _3RU\NLR\auth\66969347 |
||
| 686 | _aШ141.12-922.1[3] | ||
| 700 | 1 |
_aДорофеева _bГ. В. _gГалина Владимировна _4070 |
|
| 801 | 0 |
_aRU _bNLR _c20120802 _gRCR |
|
| 801 | 1 |
_aRU _bNLR _c20120802 |
|
| 942 | _cBOOK | ||
| 980 | _aNBR | ||